An Interethnic Companion to Asian American Literature

Na minha lista:
Detalhes bibliográficos
Autor principal: Cheung, King-Kok
Formato: Livro
Idioma:Undetermined
Publicado em: New York Cambridge University Press 1997
Assuntos:
Tags: Adicionar Tag
Sem tags, seja o primeiro a adicionar uma tag!
Thư viện lưu trữ: Trung tâm Học liệu Trường Đại học Cần Thơ
LEADER 00655nam a2200205Ia 4500
001 CTU_121813
008 210402s9999 xx 000 0 und d
082 |a 810.9895 
082 |b C514 
100 |a Cheung, King-Kok 
245 3 |a An Interethnic Companion to Asian American Literature 
245 0 |c King-Kok Cheung 
260 |a New York 
260 |b Cambridge University Press 
260 |c 1997 
650 |a American literature,Asian Americans,Asian Americans in literature 
650 |x Asian American authors,Intellectual life 
650 |y History and criticism 
904 |i Thủy 
980 |a Trung tâm Học liệu Trường Đại học Cần Thơ